000 00463nam a22001457a 4500
008 161013b xxu||||| |||| 00| 0 eng d
020 _a9711111381
082 _22002
_aDFil 371.12076
_bC15
100 _916095
_aCampos, Ma. Rowena R.
245 _aBiology:
_bLET reviewer/
_cMa. Rowena R. Campos
260 _aQuezon City:
_bJMC Press Inc.,
_cc2002.
300 _aiii, 39 pages:
_billustrations;
_c25 cm.
650 0 _916096
_aBiology
_xExaminations.
942 _2ddc
_cDFIL
999 _c5178
_d5178